Fundamentals of advertising / (Record no. 165330)

MARC details
000 -LEADER
fixed length control field 00578nam a2200181 4500
005 - DATE AND TIME OF LATEST TRANSACTION
control field 20190613162833.0
010 ## - LCCN (DPL NO)
LC control number ENG-125594
020 ## - INTERNATIONAL STANDARD BOOK NUMBER
International Standard Book Number 9789383848416
Terms of availability 250.00
035 ## - SYSTEM CONTROL NUMBER
System control number EN-109126
037 ## - SOURCE OF ACQUISITION
Source of stock number/acquisition DBAD/PUB
082 ## - DEWEY DECIMAL CLASSIFICATION NUMBER
Classification number 659.1
100 ## - MAIN ENTRY--PERSONAL NAME
Personal name Kapoor, Neeru
245 ## - TITLE STATEMENT
Title Fundamentals of advertising /
Statement of responsibility, etc by Neeru Kapoor
260 ## - PUBLICATION, DISTRIBUTION, ETC. (IMPRINT)
Place of publication, distribution, etc New Delhi
Name of publisher, distributor, etc Pinnacle Learning
Date of publication, distribution, etc 2017
270 ## - ADDRESS
Address 24, D.D.A. Shopping Complex
City Ber Sarai, New Delhi
Postal code 110016
Electronic mail address pinnaclelearning@hotmail.com
Telephone number 9811592500
300 ## - PHYSICAL DESCRIPTION
Extent iii,244p.
Dimensions 23cm(pbk)
942 ## - ADDED ENTRY ELEMENTS (KOHA)
Source of classification or shelving scheme Dewey Decimal Classification
Item type English Books
Classification part 659.1
Call number suffix KAP
Holdings
Withdrawn status Lost status Not for loan Collection code Home library Current library Date acquired Source of acquisition Cost, normal purchase price Full call number Barcode Copy number Cost, replacement price Koha item type
      Non-fiction Sarojini Nagar Sarojini Nagar 13/06/2019 DBAD/PUB 250.00 659.1 KAP EN-109126 1 250.00 English Books

© Delhi Public Library
Hit Counter
free hit counter